000 00551nam a2200229Ia 4500
001 1140
003 GE_BSU
008 181216s||||||||xx |||||||||||||| ||und||
020 _a5862254714
040 _cGE_BSU
080 _a681.3
100 _aФигурнов,В.Э.
245 _aIBM PC для пользователя
245 _bКраткий курс
260 _aМосква
260 _bИнфра
260 _c1997
300 _a480стр.
541 _h15л.
653 _aIBM PC для пользователя
942 _cBK
999 _c35290
_d35290